LEADER 02847nam 2200625 a 450 001 9910452926203321 005 20200520144314.0 010 $a0-19-934205-9 010 $a0-19-993705-2 010 $a0-19-993706-0 035 $a(CKB)2550000001113287 035 $a(EBL)1364052 035 $a(OCoLC)857365383 035 $a(SSID)ssj0000983418 035 $a(PQKBManifestationID)12371786 035 $a(PQKBTitleCode)TC0000983418 035 $a(PQKBWorkID)11010468 035 $a(PQKB)11240561 035 $a(MiAaPQ)EBC1364052 035 $a(Au-PeEL)EBL1364052 035 $a(CaPaEBR)ebr10752711 035 $a(CaONFJC)MIL513152 035 $a(EXLCZ)992550000001113287 100 $a20130124d2013 uy 0 101 0 $aeng 135 $aur|n|---||||| 181 $ctxt 182 $cc 183 $acr 200 14$aThe mind's ear$b[electronic resource] $eexercises for improving the musical imagination for performers, composers, and listeners /$fBruce Adolphe 205 $a2nd ed. 210 $aNew York $cOxford University Press$d2013 215 $a1 online resource (186 p.) 300 $aDescription based upon print version of record. 311 $a0-19-993704-4 311 $a1-299-81901-X 320 $aIncludes bibliographical references and index. 327 $aCover; Contents; Preface; A note to teachers (and students, too); How to use this book; List of exercises; About the companion website; Introduction; I: Exercises to be done in silence; II: Exercises involving groups; III: Exercises using musical instruments; IV: The feeling of an idea; V: Exercises in composing; About the author; Index; A; B; C; D; E; G; H; I; J; K; L; M; N; O; P; R; S; T; U; W; Y 330 $aThe Mind's Ear offers a unique approach to stimulating the musical imagination and inspiring creativity, as well as providing detailed exercises aimed at improving the ability to read and imagine music in silence, in the ""mind's ear."" Modeling his exercises on those used in theater games and acting classes, and drawing upon years of experience with improvisation and composition, Bruce Adolphe has written a compelling, valuable, and practical guide to musical creativity that can benefit music students at all levels and help music teachers be more effective and inspiring. The book also provide 606 $aEar training 606 $aMusical ability 606 $aCreation (Literary, artistic, etc.)$vMiscellanea 608 $aElectronic books. 615 0$aEar training. 615 0$aMusical ability. 615 0$aCreation (Literary, artistic, etc.) 676 $a781.4/24 700 $aAdolphe$b Bruce$0849467 801 0$bMiAaPQ 801 1$bMiAaPQ 801 2$bMiAaPQ 906 $aBOOK 912 $a9910452926203321 996 $aThe mind's ear$91896983 997 $aUNINA LEADER 03966oam 2200649I 450 001 9910961108503321 005 20251117110703.0 010 $a1-136-84886-X 010 $a1-315-02867-0 010 $a1-136-84879-7 024 7 $a10.4324/9781315028675 035 $a(CKB)2670000000545331 035 $a(EBL)1656159 035 $a(SSID)ssj0001215585 035 $a(PQKBManifestationID)11691997 035 $a(PQKBTitleCode)TC0001215585 035 $a(PQKBWorkID)11177224 035 $a(PQKB)10993208 035 $a(MiAaPQ)EBC1656159 035 $a(Au-PeEL)EBL1656159 035 $a(CaPaEBR)ebr10851311 035 $a(CaONFJC)MIL585932 035 $a(OCoLC)875096898 035 $a(OCoLC)958106089 035 $a(OCoLC)878144118 035 $a(FINmELB)ELB137721 035 $a(EXLCZ)992670000000545331 100 $a20180706d20132002 uy 0 101 0 $aeng 135 $aur|n|---||||| 181 $ctxt 182 $cc 183 $acr 200 00$aClassical civilisations of South East Asia $ean anthology of articles published in The bulletin of the School of Oriental and African Studies /$fCompiled and introduced by Vladimir Braginsky 210 1$aLondon ;$aNew York :$cRoutledge,$d2013. 215 $a1 online resource (553 p.) 300 $aFirst published 2002 by RoutledgeCurzon. 311 08$a1-138-86255-X 311 08$a0-7007-1410-3 320 $aIncludes bibliographical references and index. 327 $aCover; Title Page; Copyright Page; Table of Contents; Introduction; RELIGION; 1. Bauddha brahmins in Bali; 2. A new look at Sa?sanavamsa; 3. The dewatau sota?pn: a Mon prototype of the 37 nats; HISTORY, HISTORICAL SOURCES; 4. Tambralinga; 5. The Malay founder of medieval Malacca; 6. Malay history from Chinese sources; 7. Banten and the Dutch in 1619: six early 'pasar Malay' letters; 8. North-western Cambodia in the seventh century; 9. Some Sanskrit inscriptions of Arakan; 10. The Kyaikmaraw inscriptions; 11. The 32 myos in the medieval Mon kingdom 327 $a12. Collaborateur versus Abstentioniste (Tuong versus Tri): political polemic in poetic dialogue during the French acquisition of southern Viet-NamLITERATURE AND ARTS; 13. The story of Sudhana and Manohara?: an analysis of the texts and the Borobudur reliefs; 14. Further light on Sir Richard Winstedt's 'undescribed Malay version of the Ramayana'; 15. Three old Achehnese manuscripts; 16. The date of the SOAS manuscript of the Sjair perang Mengkasar; 17. The Song of the Three Mons; 18. Three 'immortal' Burmese songs; 19. Country life in Burmese literature 327 $a20. Maho?rasop in a Thai Mano?ra? manuscript21. New evidence on Thai shadow-play invocations; HISTORICAL LINGUISTICS; 22. A Chinese vocabulary of Malacca Malay words and phrases; 23. A Chinese vocabulary of Cham words and phrases; 24. Tangut or Proto-Burman; 25. Three Mon-Khmer word families; 26. Achinese and mainland Austronesian; 27. The structure of the word in Old Khmer; INDEX; APPENDIX 1 Briefly about the authors; APPENDIX 2 Articles and notes on South East Asia published in BSOAS in 1918-1990 330 $aWith particular emphasis on history, religion, literature and arts, this collection provides a multifaceted and representative picture of the classical civilizations of South-East Asia which will be of interest for comparative and cross-disciplinary studies in this field, as well as providing a number of historical and literary documents and translations of great scholarly value. 607 $aSoutheast Asia$xCivilization 676 $a959 686 $a18.90$2bcl 686 $a18.93$2bcl 686 $a15.75$2bcl 701 $aBraginskii$b V. I$0638462 712 02$aUniversity of London.$bSchool of Oriental and African Studies. 801 0$bFlBoTFG 801 1$bFlBoTFG 906 $aBOOK 912 $a9910961108503321 996 $aClassical civilisations of South East Asia$94456854 997 $aUNINA LEADER 02188nam 22006135 450 001 9910162990903321 005 20230807204011.0 010 $a9783110842609 010 $a3110842602 024 7 $a10.1515/9783110842609 035 $a(CKB)2560000000364377 035 $a(SSID)ssj0001595508 035 $a(PQKBManifestationID)16288343 035 $a(PQKBTitleCode)TC0001595508 035 $a(PQKBWorkID)14881285 035 $a(PQKB)10726166 035 $a(MiAaPQ)EBC4793528 035 $a(DE-B1597)51691 035 $a(OCoLC)979839475 035 $a(DE-B1597)9783110842609 035 $a(Perlego)1137119 035 $a(Au-PeEL)EBL4793528 035 $a(CaPaEBR)ebr11334499 035 $a(OCoLC)971366069 035 $a(EXLCZ)992560000000364377 100 $a20190906d2015 fg 101 0 $ager 135 $aurcnu|||||||| 181 $ctxt 182 $cc 183 $acr 200 14$aDas Problem der Abhängigkeit des Basilius von Plotin $eQuellenuntersuchungen zu seinen Schriften De Spiritu Sancto /$fHans Dehnhard 205 $aReprint 2015 210 1$aBerlin ;$aBoston : $cDe Gruyter, $d[2015] 210 4$d©1964 215 $a1 online resource (112 pages) 225 0 $aPatristische Texte und Studien ;$v3 300 $aBibliographic Level Mode of Issuance: Monograph 311 08$a9783110052664 311 08$a3110052660 320 $aIncludes bibliographical references and index. 327 $tFrontmatter -- $tVORWORT -- $tINHALTSVERZEICHNIS -- $tABKÜRZUNGEN -- $tEINLEITUNG -- $tI. DE SPIRITU -- $tII. DE SPIRITU SANCTO, KAPITEL IX -- $tSCHLUSS -- $tANHÄNGE -- $tINDEX -- $tLITERATURVERZEICHNIS -- $tBackmatter 330 $aKeine ausführliche Beschreibung für "Das Problem der Abhängigkeit des Basilius von Plotin" verfügbar. 410 0$aPatristische Texte und Studien ;$vBand 3. 606 $aRELIGION / General$2bisacsh 615 7$aRELIGION / General. 676 $a226.20486 700 $aDehnhard$b Hans, $0443450 801 0$bDE-B1597 801 1$bDE-B1597 906 $aBOOK 912 $a9910162990903321 996 $aDas problem der abhangigkeit des Basilius von Plotin$986108 997 $aUNINA